[Event "Your Next Move (Blitz)"]
[Site "Leuven BEL"]
[Date "2018.06.15"]
[EventDate "2018.06.12"]
[Round "3"]
[Result "1/2-1/2"]
[White "Fabiano Caruana"]
[Black "Anish Giri"]
[WhiteElo "2816"]
[BlackElo "2782"]
[PlyCount "80"]

1. e4 e5 2. Nf3 Nc6 3. Bb5 a6 4. Ba4 Nge7 5. O-O g6 6. c3 Bg7
7. d4 exd4 8. cxd4 b5 9. Bc2 d5 10. exd5 Nb4 11. Bb3 Nbxd5
12. Nc3 O-O 13. Re1 h6 14. h3 Nxc3 15. bxc3 Bb7 16. Ne5 Bd5
17. Qg4 Bxb3 18. axb3 Nd5 19. Qf3 Nf6 20. Nc6 Qd7 21. Bf4 Kh7
22. c4 bxc4 23. bxc4 Rfe8 24. Be5 Ng8 25. d5 Qf5 26. Qxf5 gxf5
27. Bxc7 Bxa1 28. Rxa1 Nf6 29. d6 Re4 30. Rc1 Ne8 31. Bb8 Nf6
32. c5 a5 33. Bc7 a4 34. Na5 Nd5 35. Nc4 Rxc4 36. Rxc4 a3
37. Rc1 Nxc7 38. dxc7 Rc8 39. Ra1 Rxc7 40. Rxa3 Rxc5 1/2-1/2

[Event "Your Next Move (Blitz)"]
[Site "Leuven BEL"]
[Date "2018.06.15"]
[EventDate "2018.06.12"]
[Round "3"]
[Result "1/2-1/2"]
[White "Sergey Karjakin"]
[Black "Levon Aronian"]
[WhiteElo "2782"]
[BlackElo "2764"]
[PlyCount "111"]

1. e4 e5 2. Nf3 Nc6 3. Bc4 Bc5 4. d3 Nf6 5. Nc3 a6 6. Nd5 Nxd5
7. Bxd5 d6 8. c3 O-O 9. b4 Ba7 10. a4 h6 11. Be3 Ne7 12. Bb3
Ng6 13. O-O Kh8 14. Bxa7 Rxa7 15. d4 Qf6 16. Qd3 Bg4 17. Bd1
Be6 18. g3 Bh3 19. Re1 Raa8 20. Nd2 Rae8 21. Bf3 Qg5 22. Qe3
Qd8 23. Bh5 Qc8 24. Qf3 Be6 25. Nf1 Ne7 26. Ne3 Ng8 27. Qd1
Nf6 28. Bf3 Bh3 29. Qd3 Nh7 30. Bh1 Ng5 31. a5 f5 32. exf5
Bxf5 33. Nxf5 Rxf5 34. Bg2 e4 35. Qe3 Nf3+ 36. Bxf3 Rxf3
37. Qd2 d5 38. Re3 Ref8 39. Rxf3 Rxf3 40. Re1 Rd3 41. Qc2 Qf5
42. Re3 Rxe3 43. fxe3 Kg8 44. c4 Qf3 45. Qc3 c6 46. cxd5 cxd5
47. Qb3 Kh7 48. Qxd5 Qxe3+ 49. Kg2 Qf3+ 50. Kg1 Qd1+ 51. Kg2
Qc2+ 52. Kh3 e3 53. Qe5 Qf2 54. Qe4+ Kh8 55. Qe8+ Kh7 56. Qe4+
1/2-1/2

[Event "Your Next Move (Blitz)"]
[Site "Leuven BEL"]
[Date "2018.06.15"]
[EventDate "2018.06.12"]
[Round "4"]
[Result "0-1"]
[White "Viswanathan Anand"]
[Black "Sergey Karjakin"]
[WhiteElo "2759"]
[BlackElo "2782"]
[PlyCount "46"]

1. e4 e5 2. Nf3 Nc6 3. Bc4 Bc5 4. O-O Nf6 5. d3 d6 6. c3 a6
7. a4 h6 8. Nbd2 O-O 9. Re1 a5 10. Nf1 Be6 11. Qb3 Qd7 12. Be3
Bxe3 13. Nxe3 b6 14. Nd5 Bxd5 15. exd5 Ne7 16. d4 e4 17. Nd2
Qf5 18. Nxe4 Nxe4 19. Qc2 Nf6 20. Bd3 Qd7 21. Bb5 Qd8 22. c4
Rc8 23. Qe2 c6 0-1

[Event "Your Next Move (Blitz)"]
[Site "Leuven BEL"]
[Date "2018.06.15"]
[EventDate "2018.06.12"]
[Round "4"]
[Result "1/2-1/2"]
[White "Alexander Grischuk"]
[Black "Wesley So"]
[WhiteElo "2766"]
[BlackElo "2778"]
[PlyCount "69"]

1. Nf3 d5 2. b3 Bf5 3. Bb2 e6 4. d3 h6 5. Nbd2 Nf6 6. g3 c5
7. Bg2 Nc6 8. O-O Be7 9. e4 Bh7 10. Ne5 Nxe5 11. Bxe5 O-O
12. Qe2 Re8 13. Rad1 Nd7 14. Bb2 Bf6 15. e5 Be7 16. c4 Nb6
17. d4 Rc8 18. dxc5 Bxc5 19. Ne4 Be7 20. Qg4 Bf5 21. Qf4 Bg5
22. Nxg5 Qxg5 23. Qxg5 hxg5 24. cxd5 Nxd5 25. Bxd5 exd5
26. Rc1 g4 27. Rfd1 Be4 28. Kf1 Kh7 29. Rxc8 Rxc8 30. Rc1
Rxc1+ 31. Bxc1 d4 32. Bb2 d3 33. Ke1 Kg6 34. Kd2 a6 35. Ke3
1/2-1/2

[Event "Your Next Move (Blitz)"]
[Site "Leuven BEL"]
[Date "2018.06.15"]
[EventDate "2018.06.12"]
[Round "5"]
[Result "1-0"]
[White "Wesley So"]
[Black "Anish Giri"]
[WhiteElo "2778"]
[BlackElo "2782"]
[PlyCount "75"]

1. Nf3 d5 2. b3 Nf6 3. Bb2 g6 4. c4 dxc4 5. bxc4 Bg7 6. g3 O-O
7. Bg2 c5 8. O-O Nc6 9. Ne5 Na5 10. Qc2 Nd7 11. Nxd7 Bxd7
12. Bxg7 Kxg7 13. Bxb7 Nxb7 14. Qb2+ Kg8 15. Qxb7 Bh3 16. Rd1
Be6 17. Qe4 Rb8 18. Nc3 Qd4 19. Qxd4 cxd4 20. Nd5 Bxd5
21. cxd5 d3 22. e4 f5 23. f3 fxe4 24. fxe4 Rb4 25. Re1 Rb2
26. Rad1 Rxa2 27. Re3 Ra3 28. Rc1 g5 29. g4 a5 30. Rc7 Rf7
31. e5 Ra4 32. h3 Rd4 33. e6 Rf8 34. Re5 Rd8 35. Rxg5+ Kf8
36. Rf5+ Kg8 37. Rxe7 R4xd5 38. Rff7 1-0

[Event "Your Next Move (Blitz)"]
[Site "Leuven BEL"]
[Date "2018.06.15"]
[EventDate "2018.06.12"]
[Round "5"]
[Result "1/2-1/2"]
[White "Sergey Karjakin"]
[Black "Alexander Grischuk"]
[WhiteElo "2782"]
[BlackElo "2766"]
[PlyCount "87"]

1. e4 c5 2. Nf3 d6 3. Nc3 Nf6 4. h3 a6 5. g4 e6 6. Bg2 Be7
7. d4 cxd4 8. Nxd4 Nfd7 9. g5 b5 10. e5 d5 11. f4 b4 12. Nce2
a5 13. Be3 Ba6 14. h4 Bc5 15. h5 Qb6 16. g6 hxg6 17. hxg6
Rxh1+ 18. Bxh1 fxg6 19. c4 Bxc4 20. Qc2 Nf8 21. Rc1 Nbd7
22. Qd2 Rc8 23. Ng1 g5 24. Ngf3 gxf4 25. Bxf4 Ng6 26. Bg3 Ne7
27. Bg2 Rc7 28. Bh3 Nf8 29. Bf2 Ba6 30. Rd1 b3 31. a3 Neg6
32. Be3 Rf7 33. Bg4 Bc4 34. Bh5 Kd7 35. Qg2 Kc8 36. Bxg6 Nxg6
37. Qxg6 Rxf3 38. Qe8+ Kb7 39. Qd7+ Ka6 40. Qc8+ Qb7 41. Qxe6+
Ka7 42. Nc6+ Qxc6 43. Qxc6 Bxe3 44. Qc7+ 1/2-1/2

[Event "Your Next Move (Blitz)"]
[Site "Leuven BEL"]
[Date "2018.06.15"]
[EventDate "2018.06.12"]
[Round "5"]
[Result "1-0"]
[White "Levon Aronian"]
[Black "Viswanathan Anand"]
[WhiteElo "2764"]
[BlackElo "2759"]
[PlyCount "63"]

1. e4 e5 2. Nf3 Nc6 3. Bc4 Bc5 4. d3 Nf6 5. O-O d6 6. c3 a6
7. Nbd2 O-O 8. Bb3 Re8 9. Re1 Be6 10. Bc2 Ng4 11. Re2 Bxf2+
12. Rxf2 Ne3 13. Qe2 Nxc2 14. Rb1 Bxa2 15. b3 Bxb1 16. Nxb1
N2d4 17. cxd4 Nxd4 18. Nxd4 exd4 19. Nd2 c5 20. Qg4 Qc8
21. Qg3 d5 22. Nf3 dxe4 23. Bh6 g6 24. Ng5 f5 25. dxe4 c4
26. Rxf5 gxf5 27. Nxh7+ Kf7 28. Qg7+ Ke6 29. Qf6+ Kd7
30. Qxd4+ Kc7 31. Bf4+ Kc6 32. Qxc4+ 1-0

[Event "Your Next Move (Blitz)"]
[Site "Leuven BEL"]
[Date "2018.06.15"]
[EventDate "2018.06.12"]
[Round "6"]
[Result "1-0"]
[White "Alexander Grischuk"]
[Black "Levon Aronian"]
[WhiteElo "2766"]
[BlackElo "2764"]
[PlyCount "71"]

1. d4 Nf6 2. Bf4 g6 3. e3 Bg7 4. Nf3 O-O 5. Be2 c5 6. O-O b6
7. d5 d6 8. Nc3 Na6 9. e4 Nc7 10. a4 Re8 11. Re1 Nh5 12. Bg5
h6 13. Bh4 g5 14. Nd2 Nf4 15. Bg3 e5 16. Bg4 Bxg4 17. Qxg4 h5
18. Qf5 Nce6 19. Bxf4 Nxf4 20. Nc4 Re6 21. Kf1 Bh6 22. dxe6
fxe6 23. Qxf4 gxf4 24. Rad1 Qh4 25. Rxd6 f3 26. gxf3 Rf8
27. Ke2 Qxh2 28. Rxe6 Qh3 29. Rg6+ Kh7 30. Rg3 Qh2 31. Reg1 h4
32. Rg4 Bf4 33. R1g2 Qh1 34. Nd5 Bg3 35. Nce3 Rg8 36. Nf6+ 1-0

[Event "Your Next Move (Blitz)"]
[Site "Leuven BEL"]
[Date "2018.06.15"]
[EventDate "2018.06.12"]
[Round "6"]
[Result "1/2-1/2"]
[White "Anish Giri"]
[Black "Sergey Karjakin"]
[WhiteElo "2782"]
[BlackElo "2782"]
[PlyCount "135"]

1. e4 e5 2. Nf3 Nc6 3. Bb5 Nf6 4. O-O Nxe4 5. Re1 Nd6 6. Nxe5
Be7 7. Bf1 Nxe5 8. Rxe5 O-O 9. d4 Bf6 10. Re1 Re8 11. Rxe8+
Nxe8 12. d5 d6 13. Nd2 Bg5 14. c4 Nf6 15. h3 Bf5 16. Nf3 Bxc1
17. Rxc1 Qd7 18. Nd4 h6 19. Qb3 c5 20. dxc6 bxc6 21. Nxf5 Qxf5
22. Qb7 Qc8 23. Qxc8+ Rxc8 24. b4 a5 25. bxa5 Ra8 26. c5 Rxa5
27. cxd6 Rxa2 28. Rxc6 Rd2 29. Bb5 g5 30. Ra6 Rd5 31. Ba4 Kg7
32. f3 Rd2 33. Bb5 Nd5 34. Ra8 Nb6 35. Rd8 Rd5 36. Bc6 Rc5
37. Be4 Rc1+ 38. Kf2 Rd1 39. g4 Kf6 40. Bf5 h5 41. d7 hxg4
42. fxg4 Rd6 43. Ke2 Rd5 44. Kf2 Rd2+ 45. Kg3 Rd6 46. h4 gxh4+
47. Kxh4 Rd5 48. Kg3 Rd6 49. Kf4 Rd4+ 50. Ke3 Rd6 51. Ke4 Rd2
52. g5+ Kg7 53. Ke3 Rd5 54. Kf4 Rd4+ 55. Kf3 Rd5 56. Kg4 Rd4+
57. Kg3 Rd5 58. Kf4 Rd4+ 59. Ke3 Rd5 60. Ke4 Rd2 61. Bg4 Rd6
62. Bh3 Rd2 63. Bf5 Rd6 64. Kf4 Rd4+ 65. Kg3 Rd5 66. Kg4 Rd4+
67. Kf3 Rd5 68. Ke4 1/2-1/2

[Event "Your Next Move (Blitz)"]
[Site "Leuven BEL"]
[Date "2018.06.15"]
[EventDate "2018.06.12"]
[Round "7"]
[Result "1/2-1/2"]
[White "Wesley So"]
[Black "Fabiano Caruana"]
[WhiteElo "2778"]
[BlackElo "2816"]
[PlyCount "95"]

1. Nf3 d5 2. g3 g6 3. Bg2 Bg7 4. d4 Nf6 5. O-O O-O 6. c4 c6
7. b3 dxc4 8. bxc4 c5 9. Bb2 cxd4 10. Nxd4 Qb6 11. Qc1 Bd7
12. Nd2 Nc6 13. N2b3 Rac8 14. Rd1 Rfd8 15. Rb1 Qc7 16. Bc3 b6
17. Nb5 Qb8 18. Qa3 a5 19. Qb2 a4 20. Nd2 Bf5 21. Rbc1 Na5
22. Be5 Ne8 23. Bxg7 Nxg7 24. Qb4 Qe5 25. e3 Bg4 26. Re1 Nc6
27. Bxc6 Rxc6 28. Nd4 Rcc8 29. Qxb6 Ne6 30. Nxe6 Rxd2 31. Nd4
Qe4 32. Qb1 Qxb1 33. Rxb1 Rxc4 34. Rb8+ Kg7 35. Re8 Kf6
36. Kg2 e5 37. Nf3 Bxf3+ 38. Kxf3 Rcc2 39. Rf1 Rxa2 40. g4
Rab2 41. Ra8 Ra2 42. h4 a3 43. g5+ Kg7 44. Kg3 Rd5 45. Rc1 Rd7
46. Rc3 h6 47. Raxa3 Rxa3 48. Rxa3 1/2-1/2

[Event "Your Next Move (Blitz)"]
[Site "Leuven BEL"]
[Date "2018.06.15"]
[EventDate "2018.06.12"]
[Round "7"]
[Result "1-0"]
[White "Levon Aronian"]
[Black "Anish Giri"]
[WhiteElo "2764"]
[BlackElo "2782"]
[PlyCount "75"]

1. e4 e5 2. Nf3 Nf6 3. Nxe5 d6 4. Nf3 Nxe4 5. Bd3 Nf6 6. O-O
Be7 7. c3 O-O 8. Bc2 Bg4 9. d4 Re8 10. Re1 Nbd7 11. Nbd2 d5
12. Nf1 Bd6 13. Rxe8+ Qxe8 14. Ne3 Bh5 15. Bd2 c6 16. Nf5 Bc7
17. Ng3 Bg6 18. Bxg6 hxg6 19. Qb3 Nb6 20. Re1 Qd7 21. Ne5 Bxe5
22. dxe5 Ne8 23. Qd1 Nc7 24. b3 c5 25. h4 c4 26. h5 d4 27. Qf3
dxc3 28. Bxc3 Qd3 29. Re3 Qb1+ 30. Kh2 Ncd5 31. e6 fxe6
32. Re4 Qd3 33. Qg4 Nxc3 34. Rd4 gxh5 35. Qxe6+ Kh8 36. Rxd3
cxd3 37. Qg6 d2 38. Nf5 1-0

[Event "Your Next Move (Blitz)"]
[Site "Leuven BEL"]
[Date "2018.06.15"]
[EventDate "2018.06.12"]
[Round "7"]
[Result "1/2-1/2"]
[White "Viswanathan Anand"]
[Black "Alexander Grischuk"]
[WhiteElo "2759"]
[BlackElo "2766"]
[PlyCount "141"]

1. e4 c5 2. Nf3 d6 3. Bb5+ Bd7 4. Bxd7+ Qxd7 5. O-O Nf6 6. Qe2
Nc6 7. b3 g6 8. Bb2 Bg7 9. c4 Nh5 10. Bxg7 Nxg7 11. Nc3 O-O
12. Qe3 e5 13. d3 f5 14. Nd5 f4 15. Qd2 Ne6 16. b4 g5 17. bxc5
dxc5 18. h3 h5 19. Nh2 Qg7 20. f3 Rf7 21. Rfb1 Ned4 22. Rb2
Rd8 23. Rab1 b6 24. Qd1 Rd6 25. a3 Kh7 26. Ra2 Rg6 27. Rab2
Qf8 28. Ra2 Qd6 29. Rab2 Rfg7 30. a4 Qd8 31. Ra1 Rh6 32. Rab1
Na5 33. Qe1 Qd7 34. Qd1 Kh8 35. Rf2 Nac6 36. Rbb2 Qe6 37. Rb1
Kh7 38. Rbb2 Rhg6 39. Rb1 Qd6 40. Rbb2 Qd8 41. Rb1 Qf8
42. Rbb2 Qd6 43. Rb1 Qd8 44. Rbb2 Rb7 45. Rb1 a5 46. Rfb2 Nb4
47. Rf2 Rbg7 48. Rbb2 Qd6 49. Rb1 Kg8 50. Rbb2 Kf8 51. Rb1 Ke8
52. Rc1 Kd8 53. Rb1 Kc8 54. Rbb2 Kb7 55. Rb1 Ka7 56. Rbb2 Qe6
57. Rb1 g4 58. fxg4 hxg4 59. Nxg4 Rxg4 60. hxg4 Rxg4 61. Nc7
Qg6 62. Nb5+ Nxb5 63. cxb5 Rg3 64. Rbb2 Nxd3 65. Rbd2 Qxe4
66. Rf3 c4 67. Rxg3 fxg3 68. Qe2 Qd4+ 69. Kf1 Qf4+ 70. Qf3
Qxd2 71. Qf7+ 1/2-1/2

[Event "Your Next Move (Blitz)"]
[Site "Leuven BEL"]
[Date "2018.06.15"]
[EventDate "2018.06.12"]
[Round "8"]
[Result "1-0"]
[White "Shakhriyar Mamedyarov"]
[Black "Wesley So"]
[WhiteElo "2808"]
[BlackElo "2778"]
[PlyCount "97"]

1. d4 Nf6 2. Nf3 d5 3. Nbd2 Bf5 4. c4 c6 5. Qb3 Qb6 6. Nh4 Be4
7. e3 e6 8. Be2 Be7 9. Nxe4 dxe4 10. g3 c5 11. Bd2 cxd4
12. exd4 Nc6 13. Bc3 O-O-O 14. O-O-O Bb4 15. Ng2 Bxc3 16. bxc3
e5 17. d5 Nb8 18. Ne3 Nbd7 19. Kc2 Nc5 20. Qa3 Nfd7 21. Rb1
Qa6 22. Qxa6 Nxa6 23. Nf5 Nac5 24. Nd6+ Kc7 25. Nxf7 Rhf8
26. Nxd8 Kxd8 27. Rhf1 Rf6 28. f4 exf3 29. Rxf3 Ra6 30. Kb2
Nf6 31. Bd1 e4 32. Rf5 g6 33. Rf1 Ke7 34. Bc2 Ng4 35. Rbe1 Ne5
36. Bxe4 Nxc4+ 37. Kc1 Ne5 38. Bxg6 Rxa2 39. Bc2 Kd6 40. Kb1
Ra3 41. Rf6+ Kxd5 42. Rf5 Ncd7 43. Kb2 Ra5 44. Rh5 Kd6
45. Rd1+ Kc6 46. Be4+ Kb6 47. Rh6+ Kc7 48. Rxh7 Kb6 49. Rhxd7
1-0

[Event "Your Next Move (Blitz)"]
[Site "Leuven BEL"]
[Date "2018.06.15"]
[EventDate "2018.06.12"]
[Round "8"]
[Result "1/2-1/2"]
[White "Anish Giri"]
[Black "Viswanathan Anand"]
[WhiteElo "2782"]
[BlackElo "2759"]
[PlyCount "97"]

1. e4 e5 2. Nf3 Nc6 3. Bb5 Nf6 4. O-O Nxe4 5. Re1 Nd6 6. Nxe5
Be7 7. Bf1 Nxe5 8. Rxe5 O-O 9. d4 Bf6 10. Re1 Re8 11. Rxe8+
Nxe8 12. d5 d6 13. Nd2 Bf5 14. Nc4 c6 15. c3 Rc8 16. Bf4 cxd5
17. Ne3 Be6 18. Nxd5 Be5 19. Be3 Nf6 20. Nxf6+ Bxf6 21. a4 b6
22. Ba6 Rb8 23. Qd3 Qc7 24. Re1 Be5 25. g3 g6 26. Bh6 Bg7
27. Bxg7 Kxg7 28. h4 Qc5 29. b4 Qc6 30. Bb5 Qc7 31. Qd4+ Kg8
32. h5 gxh5 33. Qf6 Qd8 34. Qh6 Qf8 35. Qxh5 Qg7 36. Qf3 Rc8
37. Re3 d5 38. Ba6 Rd8 39. Qf4 h6 40. Qc7 Qg5 41. Bf1 d4
42. cxd4 Rxd4 43. Qb8+ Qd8 44. Qxd8+ Rxd8 45. Rd3 Rxd3
46. Bxd3 a5 47. bxa5 bxa5 48. f4 Kf8 49. Kf2 1/2-1/2

[Event "Your Next Move (Blitz)"]
[Site "Leuven BEL"]
[Date "2018.06.15"]
[EventDate "2018.06.12"]
[Round "8"]
[Result "0-1"]
[White "Fabiano Caruana"]
[Black "Sergey Karjakin"]
[WhiteElo "2816"]
[BlackElo "2782"]
[PlyCount "107"]

1. d4 Nf6 2. c4 e6 3. Nc3 Bb4 4. e3 O-O 5. Nge2 d5 6. a3 Be7
7. cxd5 exd5 8. Nf4 c6 9. Bd3 Na6 10. O-O Nc7 11. f3 Re8
12. Bd2 Bf8 13. Qe1 g6 14. g4 c5 15. Qf2 b6 16. h4 Bd6
17. Nce2 a5 18. g5 Nd7 19. Bc3 Ba6 20. Bxa6 Rxa6 21. Rad1 Nf8
22. e4 cxd4 23. Bxd4 Nfe6 24. Nxe6 Nxe6 25. Bf6 Qa8 26. Kh1
Bc5 27. Qg2 dxe4 28. fxe4 Ra7 29. Nc3 Ng7 30. Nd5 Nh5 31. e5
Rd7 32. Kh2 Qb8 33. Rfe1 Bf8 34. Qg4 Re6 35. Qf3 b5 36. Kg2 b4
37. axb4 axb4 38. Re4 b3 39. Red4 Qa7 40. R1d2 h6 41. Qxb3
hxg5 42. hxg5 Bg7 43. Qf3 Bxf6 44. exf6 Re5 45. Ne7+ Rdxe7
46. fxe7 Qxe7 47. Rd8+ Kh7 48. R8d7 Qxg5+ 49. Kh2 Qh4+ 50. Qh3
Qf4+ 51. Kg2 Rg5+ 52. Kh1 Kg7 53. Qc3+ Nf6 54. R7d3 0-1

[Event "Your Next Move (Blitz)"]
[Site "Leuven BEL"]
[Date "2018.06.15"]
[EventDate "2018.06.12"]
[Round "9"]
[Result "1-0"]
[White "Levon Aronian"]
[Black "Fabiano Caruana"]
[WhiteElo "2764"]
[BlackElo "2816"]
[PlyCount "41"]

1. e4 c5 2. Nc3 e6 3. Nf3 a6 4. d4 cxd4 5. Nxd4 Qc7 6. g3 Nf6
7. Bg2 Bb4 8. O-O Bxc3 9. bxc3 d6 10. Ba3 O-O 11. e5 dxe5
12. Bxf8 Kxf8 13. Nb3 Bd7 14. Na5 Ra7 15. Nxb7 Ke7 16. Rb1 Bb5
17. Re1 Nbd7 18. Qc1 Nd5 19. Qa3+ Kf6 20. Bxd5 exd5 21. Rxb5
1-0

[Event "Your Next Move (Blitz)"]
[Site "Leuven BEL"]
[Date "2018.06.15"]
[EventDate "2018.06.12"]
[Round "9"]
[Result "1/2-1/2"]
[White "Alexander Grischuk"]
[Black "Anish Giri"]
[WhiteElo "2766"]
[BlackElo "2782"]
[PlyCount "118"]

1. e4 e5 2. Nf3 Nf6 3. Nxe5 d6 4. Nf3 Nxe4 5. Bd3 Nf6 6. O-O
Be7 7. Re1 O-O 8. Bf1 Re8 9. d4 Nbd7 10. c4 Nf8 11. Nc3 Ng6
12. h3 c6 13. d5 cxd5 14. Nxd5 Nxd5 15. Qxd5 Bf6 16. Bg5 Be6
17. Bxf6 Qxf6 18. Qxb7 Nf4 19. Rad1 Rab8 20. Qc6 Rec8 21. Qxd6
Rxb2 22. Re4 Ng6 23. Qa3 h6 24. Red4 Rcb8 25. h4 Nf4 26. Qe3
Ng6 27. h5 Nf8 28. Qa3 Bf5 29. Rd8 Rxd8 30. Rxd8 Qxd8 31. Qxb2
Bg4 32. Qd4 Qxd4 33. Nxd4 Nd7 34. Be2 Bxe2 35. Nxe2 Kf8 36. f3
Ke7 37. Nc3 Ne5 38. c5 Kd7 39. Nb5 a6 40. Nd4 g6 41. hxg6 fxg6
42. Kf1 Nd3 43. c6+ Kc7 44. g3 Nb4 45. a3 Nxc6 46. Nb3 Kd6
47. Ke2 Kd5 48. Nd2 g5 49. f4 gxf4 50. gxf4 h5 51. Ke3 Ne7
52. Ne4 h4 53. Kf3 Nf5 54. Nf2 Kc4 55. Kg4 Nd4 56. Kxh4 Kb3
57. Ne4 Kxa3 58. Nc5 a5 59. Nb7 Kb4 1/2-1/2

[Event "Your Next Move (Blitz)"]
[Site "Leuven BEL"]
[Date "2018.06.16"]
[EventDate "2018.06.12"]
[Round "10"]
[Result "1-0"]
[White "Viswanathan Anand"]
[Black "Fabiano Caruana"]
[WhiteElo "2759"]
[BlackElo "2816"]
[PlyCount "103"]

1. e4 e5 2. Nf3 Nc6 3. Bb5 a6 4. Ba4 Nf6 5. d3 d6 6. c3 g6
7. O-O Bg7 8. Nbd2 O-O 9. Re1 Nd7 10. Nf1 Nc5 11. Bxc6 bxc6
12. d4 exd4 13. cxd4 Ne6 14. Ng3 c5 15. dxc5 Nxc5 16. Bg5 Qe8
17. Qd2 Bg4 18. Bh6 Bxf3 19. Bxg7 Kxg7 20. gxf3 Qe6 21. f4 a5
22. f5 Qf6 23. Rac1 Rfe8 24. f4 Rad8 25. Kh1 Kh8 26. b3 h5
27. fxg6 fxg6 28. f5 Kh7 29. Rg1 Rg8 30. Rcf1 Rdf8 31. e5 dxe5
32. Qd5 Qe7 33. fxg6+ Rxg6 34. Rxf8 Qxf8 35. Rf1 Qd6 36. Qf7+
Rg7 37. Qxg7+ Kxg7 38. Nf5+ Kg6 39. Nxd6 cxd6 40. Rd1 Ne4
41. Kg2 Kf5 42. Rd5 Ke6 43. Rxa5 d5 44. b4 d4 45. Kf3 Nc3
46. b5 e4+ 47. Kf4 e3 48. Kf3 e2 49. Kf2 d3 50. Ke1 Kd5
51. b6+ Kd4 52. b7 1-0

[Event "Your Next Move (Blitz)"]
[Site "Leuven BEL"]
[Date "2018.06.16"]
[EventDate "2018.06.12"]
[Round "10"]
[Result "1-0"]
[White "Sergey Karjakin"]
[Black "Wesley So"]
[WhiteElo "2782"]
[BlackElo "2778"]
[PlyCount "129"]

1. b3 e5 2. Bb2 Nc6 3. e3 Nf6 4. c4 d5 5. cxd5 Nxd5 6. Nc3
Nxc3 7. Bxc3 Bd6 8. Bb5 O-O 9. Ne2 Ne7 10. Ng3 c6 11. Bc4 Nd5
12. Bb2 Qe7 13. O-O Nb6 14. Be2 f5 15. Qc2 Be6 16. Rfe1 Rad8
17. e4 f4 18. Nf5 Qd7 19. Nxd6 Qxd6 20. Qc3 Nd7 21. d4 exd4
22. Qxd4 Qxd4 23. Bxd4 c5 24. Bc3 Nb8 25. Red1 Nc6 26. f3 Kf7
27. Kf2 g5 28. h4 Rxd1 29. Rxd1 h6 30. g3 fxg3+ 31. Kxg3 Rd8
32. Rxd8 Nxd8 33. f4 gxf4+ 34. Kxf4 Nc6 35. Bh5+ Kf8 36. Be2
Kf7 37. h5 a6 38. Bd2 b5 39. Be3 c4 40. bxc4 bxc4 41. Bd2 a5
42. a3 Nd4 43. Bd1 Nb3 44. Bc3 a4 45. Ke5 Nc5 46. Bd2 Nb3
47. Bxh6 c3 48. Be3 Na5 49. Kd4 Bb3 50. Be2 c2 51. Kc3 Nc6
52. Bd3 Ne5 53. Bxc2 Bxc2 54. Kxc2 Nc4 55. Bc1 Kf6 56. Kd3 Nd6
57. Kd4 Nb5+ 58. Kc4 Nd6+ 59. Kd5 Nb5 60. Kc5 Nc7 61. Kc6 Ne6
62. h6 Nd4+ 63. Kd5 Nb3 64. e5+ Kg6 65. e6 1-0

[Event "Your Next Move (Blitz)"]
[Site "Leuven BEL"]
[Date "2018.06.16"]
[EventDate "2018.06.12"]
[Round "11"]
[Result "1/2-1/2"]
[White "Wesley So"]
[Black "Levon Aronian"]
[WhiteElo "2778"]
[BlackElo "2764"]
[PlyCount "75"]

1. Nf3 Nf6 2. c4 g6 3. Nc3 d5 4. cxd5 Nxd5 5. e4 Nxc3 6. dxc3
Qxd1+ 7. Kxd1 f6 8. Be3 e5 9. Nd2 Nd7 10. Nb3 h5 11. f3 Nb6
12. Kc2 Bd7 13. Nc5 Bc6 14. b3 Bh6 15. Bxh6 Rxh6 16. a4 Ke7
17. Bb5 Nd7 18. Nd3 Nb8 19. Nb4 a5 20. Bxc6 bxc6 21. Nd3 Nd7
22. Rhd1 Rhh8 23. Rd2 Rhd8 24. Rad1 Nb6 25. Nc5 Rd6 26. h4 Ra7
27. Nd3 Ra8 28. Nc5 Ra7 29. g3 Nd7 30. Nd3 Rb7 31. Ra1 c5
32. Nb2 Nb6 33. Rad1 Rb8 34. Rd3 Rg8 35. Rh1 Rgd8 36. Rhd1 Rg8
37. Rh1 Rgd8 38. Rhd1 1/2-1/2

[Event "Your Next Move (Blitz)"]
[Site "Leuven BEL"]
[Date "2018.06.16"]
[EventDate "2018.06.12"]
[Round "11"]
[Result "1-0"]
[White "Fabiano Caruana"]
[Black "Alexander Grischuk"]
[WhiteElo "2816"]
[BlackElo "2766"]
[PlyCount "85"]

1. e4 c5 2. Nc3 d6 3. Nge2 Nf6 4. h3 g6 5. g4 Bg7 6. Bg2 Nc6
7. d3 Rb8 8. a4 a6 9. O-O b5 10. axb5 axb5 11. Be3 b4 12. Nd5
h5 13. g5 Nxd5 14. exd5 Nd4 15. Nxd4 cxd4 16. Bd2 b3 17. cxb3
Bf5 18. Re1 O-O 19. Kh2 Re8 20. Ra3 e6 21. dxe6 fxe6 22. b4 d5
23. Qf3 Qd6+ 24. Qg3 Qxg3+ 25. Kxg3 Rec8 26. Rb3 Rc2 27. Bf4
Rb5 28. Bd6 h4+ 29. Kxh4 Rxf2 30. Kg3 Rd2 31. Bf1 Bf8 32. Bxf8
Kxf8 33. Kf4 Ke7 34. Ke5 Rf2 35. Ra1 Rf3 36. h4 Re3+ 37. Kxd4
Rg3 38. Ra5 Rb6 39. Kc5 Rb7 40. b5 Rg1 41. b6 Rxf1 42. Ra7
Rc1+ 43. Rc3 1-0

[Event "Your Next Move (Blitz)"]
[Site "Leuven BEL"]
[Date "2018.06.16"]
[EventDate "2018.06.12"]
[Round "12"]
[Result "1/2-1/2"]
[White "Viswanathan Anand"]
[Black "Wesley So"]
[WhiteElo "2759"]
[BlackElo "2778"]
[PlyCount "85"]

1. e4 e5 2. Nf3 Nc6 3. Bb5 a6 4. Ba4 Nf6 5. d3 Bc5 6. c3 b5
7. Bc2 d6 8. h3 h6 9. O-O O-O 10. d4 Bb6 11. Be3 Re8 12. Nbd2
Qe7 13. Re1 Rb8 14. Nf1 Qf8 15. Ng3 Bb7 16. a3 Rbd8 17. Qb1
Nb8 18. b4 Nbd7 19. a4 d5 20. dxe5 Nxe5 21. Nxe5 Bxe3 22. Rxe3
Rxe5 23. f4 Ree8 24. e5 d4 25. cxd4 Rxd4 26. axb5 axb5 27. Rb3
Nd5 28. Be4 Rb8 29. Qb2 Rc4 30. Qd2 Nxb4 31. Bxb7 Rxb7 32. Nf5
Rb8 33. Rg3 g6 34. e6 Qc5+ 35. Ne3 Qd4 36. Qxd4 Rxd4 37. f5 g5
38. Ra7 Rc8 39. Rb7 Nd5 40. Rxb5 fxe6 41. fxe6 Nxe3 42. Rxe3
Re8 43. Rc5 1/2-1/2

[Event "Your Next Move (Blitz)"]
[Site "Leuven BEL"]
[Date "2018.06.16"]
[EventDate "2018.06.12"]
[Round "12"]
[Result "1/2-1/2"]
[White "Anish Giri"]
[Black "Fabiano Caruana"]
[WhiteElo "2782"]
[BlackElo "2816"]
[PlyCount "110"]

1. e4 c5 2. Nf3 e6 3. d4 cxd4 4. Nxd4 a6 5. Bd3 Bc5 6. Nb3 Bb6
7. O-O Ne7 8. c4 d6 9. Nc3 O-O 10. Re1 Nbc6 11. Be3 e5 12. Qd2
Be6 13. Rad1 Bxe3 14. Rxe3 a5 15. Bf1 a4 16. Nc1 Nd4 17. N1e2
Nec6 18. Nb5 Bxc4 19. Nexd4 exd4 20. Rg3 Be6 21. Nxd4 Nxd4
22. Qxd4 g6 23. a3 Qa5 24. Rc3 Rfd8 25. h3 Qe5 26. Rcd3 Rdc8
27. Rc3 Rxc3 28. bxc3 Bb3 29. Rd2 Rc8 30. c4 Qxd4 31. Rxd4 Rc6
32. f4 Kf8 33. Kf2 Ke7 34. Ke3 Ba2 35. Bd3 Rb6 36. Bc2 Rb2
37. Bxa4 Rxg2 38. e5 dxe5 39. fxe5 Rg3+ 40. Kf4 Rxh3 41. Rd7+
Kf8 42. e6 fxe6 43. Bb5 Bxc4 44. Bxc4 Rh4+ 45. Ke5 Rxc4
46. Rxh7 b5 47. Rb7 g5 48. Kf6 Rf4+ 49. Kxg5 Rf5+ 50. Kg4 Ke8
51. Ra7 Kd8 52. a4 bxa4 53. Rxa4 Ke7 54. Ra7+ Kf6 55. Ra8 Rg5+
1/2-1/2

[Event "Your Next Move (Blitz)"]
[Site "Leuven BEL"]
[Date "2018.06.16"]
[EventDate "2018.06.12"]
[Round "12"]
[Result "1/2-1/2"]
[White "Levon Aronian"]
[Black "Sergey Karjakin"]
[WhiteElo "2764"]
[BlackElo "2782"]
[PlyCount "65"]

1. e4 e5 2. Nf3 Nc6 3. Bc4 Bc5 4. O-O Nf6 5. d3 d6 6. c3 a6
7. Nbd2 O-O 8. Bb3 Re8 9. h3 h6 10. Re1 Be6 11. Bc2 d5 12. Qe2
dxe4 13. dxe4 Nh5 14. Nf1 Qf6 15. N3h2 Qh4 16. Qf3 Rad8
17. Ne3 Nf4 18. Nf5 Bxf5 19. exf5 Nd3 20. Bxd3 Rxd3 21. Be3 e4
22. Qg4 Qxg4 23. Nxg4 Bd6 24. Bxh6 gxh6 25. Nf6+ Kf8 26. Nxe8
Kxe8 27. Rxe4+ Kf8 28. Rae1 Kg7 29. R4e3 Rd2 30. R1e2 Rd1+
31. Re1 Rd2 32. R1e2 Rd1+ 33. Re1 1/2-1/2

[Event "Your Next Move (Blitz)"]
[Site "Leuven BEL"]
[Date "2018.06.16"]
[EventDate "2018.06.12"]
[Round "13"]
[Result "1/2-1/2"]
[White "Wesley So"]
[Black "Alexander Grischuk"]
[WhiteElo "2778"]
[BlackElo "2766"]
[PlyCount "113"]

1. d4 Nf6 2. Nf3 g6 3. Nbd2 Bg7 4. e4 d6 5. Bd3 O-O 6. O-O c5
7. c3 cxd4 8. cxd4 e5 9. Re1 exd4 10. Nxd4 Ng4 11. N4f3 Nc6
12. Nc4 Be6 13. h3 Nge5 14. Ncxe5 dxe5 15. a3 Qb6 16. b4 Rfd8
17. Be3 Qc7 18. Qe2 a5 19. Ng5 Bd7 20. b5 Nd4 21. Bxd4 exd4
22. e5 Re8 23. Qf3 Be6 24. Rac1 Qd7 25. Nxe6 Rxe6 26. Rc5 Rc8
27. Rd5 Qe7 28. Rxd4 Rxe5 29. Rde4 Rxe4 30. Bxe4 Rc3 31. Qd1
Rxa3 32. Bxg6 Qf8 33. Bb1 Rc3 34. Qd7 Rc8 35. Qxb7 Re8 36. Rf1
Qb4 37. Ba2 Rf8 38. Qc6 Bd4 39. Bb1 Rb8 40. Qe4 Rxb5 41. Qxh7+
Kf8 42. Ba2 Qe7 43. Qd3 Rb4 44. Qf3 Rb2 45. Bc4 Qf6 46. Qxf6
Bxf6 47. Rd1 Ke7 48. Re1+ Kf8 49. Rd1 Ke7 50. Rd5 a4 51. Ra5
Bd4 52. Rxa4 Rxf2 53. Kh2 Rc2 54. Bb3 Be5+ 55. Kg1 Rb2 56. Bc4
f6 57. Bf1 1/2-1/2